000 00969nam a2200265Ia 4500
003 OSt
005 20221005105447.0
006 a|||||r|||| 00| 0
007 ta
008 221004b |||||||| |||| 00| 0 hin d
020 _c150
024 _a108208
037 _b12957, 18/03/2011, Kitab Ghar
_cTextual
040 _aCRL
_cCRL
_bhin
041 _2hin
_ahin
082 _aO152,1N177:g, P8
100 _aशर्मा, निर्मला
245 0 _aमुक्तिबोध की कविता
_b विविध आयाम
246 _aMuktibodh kī kavitā: vividh āyāma
260 _aनई दिल्ली
_bभारतीय ग्रंथ निकेतन भारत
_c2008
300 _a100पृ0
_ccm.
650 _aहिन्दी साहित्य
942 _hO152,1N177:g, P8
_cTEXL
_2cc
999 _c1015896
_d1015896